Normal view
MARC view
- Yusra Tahir
Entry Personal Name
001 - CONTROL NUMBER
- control field: 6868
003 - CONTROL NUMBER IDENTIFIER
- control field: NUST
005 - DATE AND TIME OF LATEST TRANSACTION
- control field: 20171203164254.0
008 - FIXED-LENGTH DATA ELEMENTS
- fixed length control field: 171203|| aca||aabn | a|a d
040 ## - CATALOGING SOURCE
- Original cataloging agency: NUST
- Transcribing agency: NUST
100 ## - HEADING--PERSONAL NAME
- Personal name: Yusra Tahir
670 ## - SOURCE DATA FOUND
- Source citation: Work cat.: (NUST): Yusra Tahir, An affective classification approach for detecting emotions evoked in static food images, 2017
